00292nam a22000977a 4500082001800000100003600018245006600054260004600120300001900166563000900185 a891.4391bBOP aBopali, Abdul Hafeez Khan Ashki aManzom Tareekh Zaban-e-Urdu /cAbdul Hafeez Khan Ashki Bopali aIslamabad :bSheryar Publications,c2010. a80p. ;c22 cm. aHBK.